LEADER 00876nam0-22003011i-450- 001 990006472270403321 005 20001010 035 $a000647227 035 $aFED01000647227 035 $a(Aleph)000647227FED01 035 $a000647227 100 $a20001010d--------km-y0itay50------ba 101 0 $aita 105 $ay-------001yy 200 1 $a<>history of the Kingdom of Jolof (Senegal), 1800-1890$fEunice A. Charles 210 $aAnn Arbor$cUniversity Microfilms Int.$d1973. 215 $aVI, 279 p.$d20 cm 300 $aDissertazione accademica. 676 $a966 700 1$aCharles,$bEunice A.$0243100 801 0$aIT$bUNINA$gRICA$2UNIMARC 901 $aBK 912 $a990006472270403321 952 $aXIV E 2606$b21555$fFSPBC 959 $aFSPBC 996 $aHistory of the Kingdom of Jolof (Senegal), 1800-1890$9651879 997 $aUNINA DB $aGEN01 LEADER 01521nam0-2200517---450- 001 990009377140403321 005 20150907110524.0 010 $a9788808062215 010 $a9788808124630 035 $a000937714 035 $aFED01000937714 035 $a(Aleph)000937714FED01 035 $a000937714 100 $a20110614d2011----km-y0itay50------ba 101 1 $aita 102 $aIT 105 $aa-------001yy 200 1 $a<>essenziale di biologia molecolare della cellula$fBruce Alberts ... [et al.] 205 $a3. ed 210 $aBologna$cZanichelli$d2011 215 $aXVI, 846 p.$cill.$d29 cm$e1 dvd 454 0$12001$aEssential cell biology$1205$a3rd ed.$957330 517 1 $aBiologia molecolare della cellula 610 0 $aCellule 610 0 $aBiologia molecolare 676 $a571.6 676 $a574.88 702 1$aAlberts,$bBruce 801 0$aIT$bUNINA$gRICA$2UNIMARC 901 $aBK 912 $a990009377140403321 952 $a80 VII A 84$b10765$fFFABC 952 $a80 VII A 85$b10766$fFFABC 952 $a80 VII A 89$b10884$fFFABC 952 $a574.87-ALB-5$b6973$fSC1 952 $a574.87-ALB-5A$b6974$fSC1 952 $a574.87-ALB-5B$b6975$fSC1 952 $a574.87-ALB-5C$b6976$fSC1 952 $a574.87-ALB-5D$b6977$fSC1 952 $aBL-574.87-12$b8153$fNAP10 952 $a80 VII A 103$b39/2015$fFFABC 952 $a80 VII A 104$b38/2015$fFFABC 959 $aFFABC 959 $aNAP10 996 $aEssential cell biology$957330 997 $aUNINA